Actors That Have Worked with Denzel Washington - Statistics

General Stats
  • This quiz has been taken 48 times
    44 since last reset
  • The average score is 22 of 79
Answer Stats
Movies Actor % Correct
Philadelphia Tom Hanks
97%
The Magnificent Seven, Training Day Ethan Hawke
80%
The Pelican Brief Julia Roberts
80%
The Taking of Pelham 123 John Travolta
73%
American Gangster, Virtuosity Russel Crowe
70%
The Bone Collector Angelina Jolie
63%
Courage Under Fire Matt Damon
63%
Man on Fire Dakota Fanning
60%
Crimson Tide, Power Gene Hackman
60%
Glory Morgan Freeman
57%
Safe House Ryan Reynolds
57%
Deja Vu Elle Fanning
53%
The Siege Bruce Willis
50%
Inside Man Jodie Foster
50%
2 Guns Mark Wahlberg
50%
Courage Under Fire Meg Ryan
50%
Mo' Better Blues Spike Lee
47%
Antwone Fisher, Fences Viola Davis
47%
Unstoppable Chris Pine
43%
The Magnificent Seven Chris Pratt
43%
Inside Man Clive Owen
43%
The Manchurian Candidate Meryl Streep
43%
Mo' Better Blues Samuel L. Jackson
43%
The Book of Eli Gary Oldman
37%
Fallen, Flight John Goodman
37%
Devil in a Blue Dress, Flight Don Cheadle
33%
Training Day Dr Dre
30%
Much Ado About Nothing Keanu Reeves
30%
Much Ado About Nothing Kenneth Brannagh
30%
Much Ado About Nothing Emma Thompson
27%
Out of Time, Training Day Eva Mendes
27%
American Gangster Idris Elba
27%
The Book of Eli Mila Kunis
27%
The Bone Collector Queen Latifah
27%
Philadelphia Antonio Banderas
23%
The Equalizer Chloe Grace Moretz
23%
The Great Debaters, Training Day Denzel Whitaker
23%
The Great Debaters Forest Whitaker
23%
Much Ado About Nothing Michael Keaton
23%
Remember the Titans Ryan Gosling
23%
Man on Fire Christopher Walken
20%
Fallen Donald Sutherland
20%
The Hurricane, The Manchurian Candidate Liev Schreiber
20%
John G Robert Duvall
20%
Inside Man Christopher Plummer
17%
Ricochet Ice-T
17%
American Gangster RZA
17%
Training Day Snoop Dogg
17%
The Magnificent Seven Vincent D'Onofrio
17%
Inside Man Willem Dafoe
17%
The Manchurian Candidate Anthony Mackie
13%
2 Guns Bill Paxton
13%
The Hurricane Clancy Brown
13%
American Gangster Josh Brolin
13%
He Got Game, Unstoppable Rosario Dawson
13%
Heart Condition Bob Hoskins
10%
Safe House Brendan Gleeson
10%
American Gangster Carla Gugino
10%
Crimson Tide, Fallen, The Taking of Pelham 123 James Gandolfini
10%
John Q James Woods
10%
Malcolm X Karen Allen
10%
Man on Fire Mickey Rourke
10%
The Equalizer 2 Pedro Pascal
10%
The Pelican Brief Stanley Tucci
10%
Much Ado About Nothing Brian Blessed
7%
Deja Vu Val Kilmer
7%
Crimson Tide Viggo Mortensen
7%
Malcolm X, Mo' Better Blues Giancarlo Esposito
3%
2 Guns James Marsden
3%
The Manchurian Candidate Jeffrey Wright
3%
The Taking of Pelham 123 John Turturro
3%
The Bone Collector Michael Rooker
3%
John Q Ray Liotta
3%
The Book of Eli Ray Stevenson
3%
Devil In a Blue Dress Tom Sizemore
3%
American Gangster John Hawkes
0%
The Book of Eli Michael Gambon
0%
Power Richard Gere
0%
Courage Under Fire Sean Astin
0%
No matching quizzes found
Score Distribution
Percent of People with Each Score
Percentile by Number Answered
Your Score History
You have not taken this quiz since the last reset